Gaming Quiz

Random Gaming or Video Games Quiz
Score 0/30 Timer 10:00
2 Plays Today
% Correct
Red Dead Redemption
80.5%
Grand Theft Auto V
75.8%
Goldeneye 007
75.2%
Super Mario 64
72.2%
Mario Kart 64
70.1%
Halo 3
69.8%
World of Warcraft
68.3%
Metal Gear Solid
68%
Crash Bandicoot 2: Cortex Strikes Back
64.5%
Sonic the Hedgehog 3
64.2%
Final Fantasy VII
64.2%
The Last of Us
62%
Banjo-Kazooie
59.8%
Donkey Kong Country
58%
Bully
57.5%
% Correct
Spyro 2: Ripto's Rage
55.3%
The Legend of Zelda: Twilight Princess
50.6%
Ratchet & Clank: Going Commando
49.6%
Pokémon Diamond and Pearl
44.3%
Call of Duty: Modern Warfare 2
43.8%
Uncharted 2: Among Thieves
43.7%
Ninja Gaiden
42.4%
Metroid Prime
39.8%
Ōkami
39.3%
Journey
34.7%
Killzone 3
28.8%
Hitman: Blood Money
27.7%
Twisted Metal 2
24.4%
Roller Coaster Tycoon 2
24%
Burnout 3: Takedown
20%
Remove Ads.
Support Sporcle.
Get the best of Sporcle when you Go Orange. This ad-free experience offers more features, more stats, and more fun while also helping to support Sporcle. Thank you for becoming a member.

You're not logged in!

Compare scores with friends on all Sporcle quizzes.
OR
Log In

Show Comments

Extras

Top Quizzes Today


Score Distribution

Your Account Isn't Verified!

In order to create a playlist on Sporcle, you need to verify the email address you used during registration. Go to your Sporcle Settings to finish the process.

Report this User

Report this user for behavior that violates our Community Guidelines.

Details: